Effect of using mung bean leaves in concentrate on growing avian chicken at rua, ឥទ្ធិពលនៃការប្រើប្រាស់ស្លឹកសណ្ដែកបាយជាចំណីផ្សំទៅលើការលូតលាស់របស់មាន់សាច់ AVIAN​ នៅ ស.វ.ភ.ក (Record no. 2342)

000 -LEADER
fixed length control field 00686nam a22001337a 4500
040 ## - CATALOGING SOURCE
Transcribing agency RUA
082 ## - DEWEY DECIMAL CLASSIFICATION NUMBER
Classification number AVM ENG 2009 B087 Or.1
100 ## - MAIN ENTRY--AUTHOR NAME
Personal name ENG, SEANGLONG.
245 ## - TITLE STATEMENT
Title Effect of using mung bean leaves in concentrate on growing avian chicken at rua, ឥទ្ធិពលនៃការប្រើប្រាស់ស្លឹកសណ្ដែកបាយជាចំណីផ្សំទៅលើការលូតលាស់របស់មាន់សាច់ AVIAN​ នៅ ស.វ.ភ.ក
260 ## - PUBLICATION, DISTRIBUTION, ETC. (IMPRINT)
Place of publication Phnom Penh
Name of publisher RUA
Year of publication 2009
300 ## - PHYSICAL DESCRIPTION
Number of Pages x; 47p.
Other physical details ill.
Dimensions 29cm.
856 ## - ELECTRONIC LOCATION AND ACCESS
Uniform Resource Identifier https://drive.google.com/file/d/1gdIrXkInQCBXaaTMmxyWxNxi83g9bJCd/view?usp=sharing
942 ## - ADDED ENTRY ELEMENTS (KOHA)
Koha item type ATM.s
952 ## - LOCATION AND ITEM INFORMATION (KOHA)
Withdrawn status [LOCAL, KOHA] 0
952 ## - LOCATION AND ITEM INFORMATION (KOHA)
Withdrawn status [LOCAL, KOHA] 0
952 ## - LOCATION AND ITEM INFORMATION (KOHA)
Withdrawn status [LOCAL, KOHA] 0
952 ## - LOCATION AND ITEM INFORMATION (KOHA)
Withdrawn status [LOCAL, KOHA] 0
952 ## - LOCATION AND ITEM INFORMATION (KOHA)
Withdrawn status [LOCAL, KOHA] 0
952 ## - LOCATION AND ITEM INFORMATION (KOHA)
Withdrawn status [LOCAL, KOHA] 0
952 ## - LOCATION AND ITEM INFORMATION (KOHA)
Withdrawn status [LOCAL, KOHA] 0
952 ## - LOCATION AND ITEM INFORMATION (KOHA)
Withdrawn status [LOCAL, KOHA] 0
952 ## - LOCATION AND ITEM INFORMATION (KOHA)
Withdrawn status [LOCAL, KOHA] 0
952 ## - LOCATION AND ITEM INFORMATION (KOHA)
Withdrawn status [LOCAL, KOHA] 0
952 ## - LOCATION AND ITEM INFORMATION (KOHA)
Withdrawn status [LOCAL, KOHA] 0
952 ## - LOCATION AND ITEM INFORMATION (KOHA)
Withdrawn status [LOCAL, KOHA] 0
Holdings
Permanent Location Date acquired Koha item type Lost status Shelving location Barcode Current Location Full call number
Library Block B2015-10-19ATM.s B087RUA008277Library Block BAVM ENG 2009 B087 Or.1
Library Block B2015-10-19ATM.s B087RUA008374Library Block BAVM ENG 2009 B087 Or.2
Library Block B2015-10-19ATM.s B087RUA016347Library Block BAVM ENG 2009 B087 Or.3
Library Block B2015-10-19ATM.s B087RUA016490Library Block BAVM ENG 2009 B087 Or.4
Library Block B2015-10-19ATM.s B087RUA016013Library Block BAVM ENG 2009 B087 Or.5
Library Block B2015-10-19ATM.s B087RUA016085Library Block BAVM ENG 2009 B087 Or.6
Library Block B2015-10-20ATM.s B087RUA019794Library Block BAVM ENG 2009 B087 Or.7
Library Block B2015-10-20ATM.s B087RUA019936Library Block BAVM ENG 2009 B087 Or.8
Library Block B2015-10-20ATM.s B087RUA019792Library Block BAVM ENG 2009 B087 Or.9
Library Block B2015-10-20ATM.s B087RUA019864Library Block BAVM ENG 2009 B087 Or.10
Library Block B2019-05-28ATM.s B1.234A35594Library Block BAVM ENG 2009 B1.234 Or.1
Library Block B2019-06-11ATM.s B1.234A37220Library Block BAVM ENG 2009 B1.234 Or.1
មជ្ឈមណ្ឌលឯការនៃសាកលវិទ្យាល័យភូមិន្ទកសិកម្មចំការដូង

Powered by Koha